000 00270nam a2200121Ia 4500
005 20251222144820.0
008 251222s9999||||xx |||||||||||||| ||spa||
020 _a84-220-1040-X
082 _a289.07/C76/1982
245 0 _aPuebla:
264 _bCatólica
942 _cLIB
999 _c20446
_d20446